000 00455nam a2200157 i 4500
001 25434
003 ES-MaACL
005 20230906153251.0
007 t|
008 021226s1961 sp ||||1| spa d
100 1 _aArgumosa, Miguel Angel de.
_922735
245 1 0 _aNuevos poemas (1957-1959) /
_cMiguel Angel de Argumosa.
260 _aMadrid :
_b[s.n.,
_c1961] (
_fIndus. Gráf. Iruma)
300 _a47 p. ;
_c17 cm.
852 _aES-MaACL
_jG-9050
_bR.48108
999 _c25434
_d25434